| 000 | 00716nam a2200229 a 4500 | ||
|---|---|---|---|
| 001 | 000014799 | ||
| 005 | 20240305091221.0 | ||
| 008 | 100122s2009 dr 001 0 spa d | ||
| 020 | _a9789945130348 | ||
| 040 |
_aDO-SdBNP _bspa _cBNPHU |
||
| 082 |
_a641.597293 _bN714d, 2009 |
||
| 100 | 1 |
_aNina, Juan B., _d1959- _q(Juan Bautista) _99246 |
|
| 245 | 1 | 4 |
_aLos dulces dominicanos : _bhistoria y recetas / _cJuan B. Nina. |
| 250 | _a2a ed. | ||
| 260 |
_aSanto Domingo : _bMediabyte, _c2009. |
||
| 300 |
_a191 p. ; _c21 cm. |
||
| 504 | _aBibliografía : p. 189-191 | ||
| 590 | _aInventariado, 2018/ YL | ||
| 650 | 4 |
_aCocina dominicana _9192 |
|
| 650 | 4 |
_aDulces _933536 |
|
| 910 | _aValidado. Control de calidad MMOLINA | ||
| 999 |
_c14380 _d14380 |
||